| 000 | 00941cad a22002295a 4500 | ||
|---|---|---|---|
| 001 | E153967 | ||
| 008 | 110927e20110921xxka f s000 0 eng d | ||
| 035 | _a(Sirsi) u153967 | ||
| 041 | 0 | _aeng | |
| 100 | 1 | _aRehfisch, Alan | |
| 245 | 0 | 0 |
_aWind farms _bplanning and approval _h[electronic resource] |
| 260 |
_aEdinburgh _bScottish Parliament _c2011 |
||
| 490 | 0 |
_aSPICe Briefing _v(11/71) 21 September 2011 |
|
| 520 | _aSets out future plans for wind energy in Scotland, and explains the decision-making process with regards to proposed wind energy developments. Includes two case studies. | ||
| 521 | _aAdvanced | ||
| 590 | _aKA | ||
| 651 | 4 |
_aScotland _y1999- |
|
| 690 | _aENVIRONMENTAL AND LAND CONSULTANCY-ENERGY-RENEWABLE ENERGY | ||
| 700 | 1 | _aReid, Alasdair | |
| 856 | 4 | 0 |
_uhttps://www.scottish.parliament.uk/business/research/briefings-11/SB11-71.pdf _zView the briefing free of charge at www.scottish.parliament.uk |
| 942 | _n0 | ||
| 999 |
_c112786 _d112786 |
||